| 000 | 01629nam a2200289 a 4500 | ||
|---|---|---|---|
| 001 | 000026564 | ||
| 003 | DO-SdBNP | ||
| 005 | 20230210094948.0 | ||
| 007 | ta | ||
| 008 | 110323e1988 dr ad gr 001 edspa d | ||
| 040 |
_aDO-SdBNP _bspa _cBNPHU |
||
| 082 | 4 |
_bG934e _222 |
|
| 100 |
_aGuerrero, Miguel, _d1945- _914303 |
||
| 245 | 1 | 0 |
_aEnero de 1962 : _b¡el despertar dominicano! / _cMiguel Guerrero. |
| 260 |
_aSanto Domingo : _bMograf, _c1988 |
||
| 300 |
_a276 p. : _bil., map., retrs. ; _c21 cm. |
||
| 490 | _aHistoria y cultura | ||
| 500 | _aIncluye datos biográficos del autor en la solapa de la contracubierta | ||
| 504 | _aBibliografía : p. 275-276 | ||
| 505 |
_aUna explicación necesaria y Agradecimientos.-- _gCapítulo Uno. _tUna misión ingrata.-- _gCapítulo Dos. _t¡Qué manera de iniciar un año!.-- _gCapítulo Cuatro. _tPonen fin a las sanciones.-- _gCapítulo Cinco. _t¡¿Qué puede ser peor que un temblor de tierra?!.-- _gCapítulo Seis. _tLa matanza del Parque Independencia.-- _gCapítulo Siete. _tLa ciudad arde por doquier.-- _gCapítulo Ocho. _tLa noche del primer golpe.-- _gCapítulo Nueve. _tUna llamada nocturna.-- _gCapítulo Diez. _tDos hombres solitario.-- _gCapítulo Once. _tLa noche del segundo golpe.-- _gCapítulo Doce. _tEl camino del exilio.-- _gAnexos. |
||
| 590 | _aInventariado, 2020 / DG | ||
| 650 | 4 |
_aMasacre _xHistoria _ySiglo XX _zRepública Dominicana _983097 |
|
| 650 | 4 |
_aViolencia Política _xHistoria _ySiglo XX _zRepública Dominicana _983098 |
|
| 651 | 4 |
_aRepública Dominicana _vPolítica y Gobierno _xHistoria- Masacre _y1961 _983099 |
|
| 910 | _aInventariado, 2020 / DG | ||
| 942 |
_2ddc _cLBS1 |
||
| 999 |
_c26056 _d26056 |
||